Music Quiz

Random Music or Kpop Quiz

BLACKPINK Discography (KPop) Quiz Stats

 Plays Quiz not verified by Sporcle

Challenge
Share
Tweet
Embed
Score 0/9 Timer 02:00
2 Plays Today
Album Song % Correct
SQUARE ONE [2017]붐바야 / Boombayah
98.3%
SQUARE ONE [2017]휘파람 / Whistle
98.2%
SQUARE TWO [2017]불장난 / Playing With Fire
96.6%
SQUARE TWO [2017]STAY
96.3%
SQUARE UP [2018]Forever Young
93.9%
SQUARE UP [2018]뚜두뚜두 (DDU-DU DDU-DU)
90.7%
Non-album singles마지막처럼 / As If It's Your Last
87.8%
SQUARE UP [2018]Really
85.2%
SQUARE UP [2018]See U Later
78.6%

You're not logged in!

Compare scores with friends on all Sporcle quizzes.
Join for Free
OR
Log In

You Might Also Like...

Show Comments

Extras

Top Quizzes Today


Score Distribution

Your Account Isn't Verified!

In order to create a playlist on Sporcle, you need to verify the email address you used during registration. Go to your Sporcle Settings to finish the process.

Report this User

Report this user for behavior that violates our Community Guidelines.

Details: